| 000 | 00726nam a2200229 a 4500 | ||
|---|---|---|---|
| 005 | 20220811064044.0 | ||
| 008 | 991125s1934 fr 000 0 fre u | ||
| 035 | _aUPN01000049886 | ||
| 049 | _aCG | ||
| 050 | 4 |
_aBF200 _bP5 1934 |
|
| 100 | 1 |
_aPiéron, Henri, _d1881-1964 _929413 |
|
| 245 | 1 | 0 |
_aPsychologie expérimentale / _cpar Henri Piéron. |
| 250 | _a3a ed. | ||
| 260 |
_aParís : _bA. Colin, _c1934. |
||
| 300 | _a220 p. | ||
| 440 | 0 |
_aArmand Colin. _pPhilosophie ; _v97, 127 |
|
| 501 | _aEncuadernado con: Principes de psychologie appliquée / Henri Wallon. -- París, 1930 | ||
| 650 | 4 | _aPSICOLOGIA APLICADA | |
| 650 | 4 |
_aPsicofisiología _9452 |
|
| 740 | 0 | _aPrincipes de psychologie appliquée | |
| 905 | _aLibro | ||
| 999 |
_c49886 _d49886 |
||